000 01161cam a2200289 i 4500
005 20250520081857.0
008 160602s2016 xxua fr 001 0 eng d
010 _a2015005272
020 _a9781119003618
040 _aCO-BoUCM
_bspa
_cSandra Palacio
_dDavid Moreno (modificó)
041 0 _aeng
100 1 _aMerriam, Sharan B.
_940043
245 1 0 _aQualitative research
_ba guide to design and implementation
_cSharan B. Merriam, Elizabeth J. Tisdell
250 _a4a.Ed
260 _aSan Francisco (California, Estados Unidos)
_bJossey-Bass
_bA Wiley-Brand
_c2016
300 _axix, 346 Páginas
_bilustraciones
490 0 _aThe Jossey-Bass higher and adult education series
504 _aIncluye referencias bibliográficas e índices
650 7 _aEducación
_xInvestigación
_xMetodología
_913779
650 7 _aEducación
_xInvestigación
_913779
_vEstudio de casos
650 7 _aMetodo de casos
_977514
650 7 _aInvestigación cualitativa
_917981
690 _aEducación superior
_9177
700 1 _aTisdell, Elizabeth J.
_d1955-
_977515
942 _2DEWEY
_cLIBRO
_a10
_e1
_h001.4
_mQ14qr
_n0
999 _c303460
_d303460